DIAGNOSIS OF DISEASES OF THE CHEST (Record no. 14206)

MARC details
000 -LEADER
fixed length control field 00261nam a22001217a 4500
003 - CONTROL NUMBER IDENTIFIER
control field SGT
082 ## - DEWEY DECIMAL CLASSIFICATION NUMBER
Classification number 616.995
Item number D99F
100 ## - MAIN ENTRY--PERSONAL NAME
Personal name FRASER,R S
245 ## - TITLE STATEMENT
Title DIAGNOSIS OF DISEASES OF THE CHEST
250 ## - EDITION STATEMENT
Edition statement 4TH
260 ## - PUBLICATION, DISTRIBUTION, ETC. (IMPRINT)
Place of publication, distribution, etc INDIA
Name of publisher, distributor, etc ELSEVIER
Year of Publication 1999
942 ## - ADDED ENTRY ELEMENTS (KOHA)
Source of classification or shelving scheme Dewey Decimal Classification
Koha item type Books
Holdings
Withdrawn status Lost status Source of classification or shelving scheme Damaged status Not for loan Collection code Home library Current library Shelving location Date acquired Vendor Name Cost, normal purchase price Volume Information (Serial or Books or Non-Book Material) SGTU Bill Number Total Checkouts Full call number Accession No. (Barcode) Date last seen Bill Date Koha item type
    Dewey Decimal Classification     MEDICAL SGT Medical Library SGT Medical Library Reference Book 25/12/2017 ABC DELHI 27895.00 I(693) SGTU 8707   616.995 D99F FM9111 25/12/2017 08/07/2017 Books
    Dewey Decimal Classification     MEDICAL SGT Medical Library SGT Medical Library Reference Book 25/12/2017 ABC DELHI 27895.00 II(1417) SGTU 8707   616.995 D99F FM9112 25/12/2017 08/07/2017 Books
    Dewey Decimal Classification     MEDICAL SGT Medical Library SGT Medical Library Reference Book 25/12/2017 ABC DELHI 27895.00 III(2357) SGTU 8707   616.995 D99F FM9113 25/12/2017 08/07/2017 Books
    Dewey Decimal Classification     MEDICAL SGT Medical Library SGT Medical Library Reference Book 25/12/2017 ABC DELHI 27895.00 IV(3190) SGTU 8707   616.995 D99F FM9114 25/12/2017 08/07/2017 Books